| 000 | 00467nam a22001695a 4500 | ||
|---|---|---|---|
| 008 | 080731s1986 -us||||fr|||| 00| 0 eng d | ||
| 040 |
_aEG-ScBUE _beng _cEG-ScBUE |
||
| 082 | 0 | 4 |
_222 _a346.01300962 _bCIV |
| 245 |
_aThe civil code/ _cTranslated by D. A. Bassil |
||
| 250 | _a1st ed. | ||
| 260 |
_aSaint Etienne : _bEditions, _c1987. |
||
| 300 |
_a130 p.; _c20 cm. |
||
| 590 | _ayassmeen ashraf | ||
| 651 | _2BUEsh | ||
| 653 |
_bBUSBOL _cAugust2015 |
||
| 942 |
_2ddc _cBB |
||
| 999 |
_c10042 _d10042 |
||